Anthropologie des pratiques langagières (notice n° 2198690)

détails MARC
000 -LEADER
fixed length control field 00989cam a2200145 4500500
005 - DATE AND TIME OF LATEST TRANSACTION
control field 20260405085558.0
041 ## - LANGUAGE CODE
Language code of text/sound track or separate title fre
042 ## - AUTHENTICATION CODE
Authentication code dc
100 10 - MAIN ENTRY--PERSONAL NAME
Personal name Bornand, Sandra
Relator term author
245 00 - TITLE STATEMENT
Title Anthropologie des pratiques langagières
260 ## - PUBLICATION, DISTRIBUTION, ETC.
Name of publisher, distributor, etc. Armand Colin,<br/>
Date of publication, distribution, etc. 2013.<br/>
520 ## - SUMMARY, ETC.
Summary, etc. Une synthèse inédite des courants scientifiques qui se sont développés de part et d’autre de l’Atlantique et se sont affirmés, sous le nom d’ethnolinguistique en France et d’anthropologie linguistique aux USA. L'ouvrage examine les questionnements autour de pratiques langagières à partir des travaux d’auteurs majeurs pour leur discipline. Il traite aussi des questions relatives aux enjeux de pouvoir et de domination, mais aussi des stratégies de parole ou de discours relevant de l’implicite, du non-dit.
700 10 - ADDED ENTRY--PERSONAL NAME
Personal name Leguy, Cécile
Relator term author
856 41 - ELECTRONIC LOCATION AND ACCESS
Uniform Resource Identifier <a href="https://shs.cairn.info/anthropologie-des-pratiques-langagieres--9782200287788?lang=fr&redirect-ssocas=7080">https://shs.cairn.info/anthropologie-des-pratiques-langagieres--9782200287788?lang=fr&redirect-ssocas=7080</a>

Pas d'exemplaire disponible.

PLUDOC

PLUDOC est la plateforme unique et centralisée de gestion des bibliothèques physiques et numériques de Guinée administré par le CEDUST. Elle est la plus grande base de données de ressources documentaires pour les Étudiants, Enseignants chercheurs et Chercheurs de Guinée.

Adresse

627 919 101/664 919 101

25 boulevard du commerce
Kaloum, Conakry, Guinée

Réseaux sociaux

Powered by Netsen Group @ 2025